Teoría literaria /

Guardado en:
Autor Principal: Wellek, René
Otros Autores: Warren, Austin
Formato: Libro
Publicado: España : Gredos, 1959
Edición:3a. ed.
Series:Bibl. Rom nica Hisp nica, I Tr
Materias:
Etiquetas: Agregar Etiqueta
Sin Etiquetas, Sea el primero en etiquetar este registro!
LEADER 00609nam a22002295a 4500
001 CEM.cems006653
005 20060214000000.0
008 130507s1959##################000#0#####d
003 CEMS
082 0 4 |a 801 
100 1 |a Wellek, René 
245 1 0 |a Teoría literaria / 
250 |a 3a. ed. 
260 |a España :  |b Gredos,  |c 1959 
300 |a 430 p. 
490 0 |a Bibl. Rom nica Hisp nica, I Tr 
653 |a Generos literarios 
653 |a Literatura 
653 |a Literatura y arte 
653 |a Teoria literaria 
700 1 |a Warren, Austin 
859 |a CEMS  |b BIB. CEMS - 11 de abril  |h 801  |i W458a3  |p 5553.76  |t Ej.1